Estadísticas para Relleu Espanya

Haz click aquí para intentar la prueba.

Estadísticas generales

  • Esta prueba ha sido intentada 15 veces
  • La puntuación promedio es 9 de 18

Estadísticas de respuestas

Comunitat autónomaResposta% Correcto
AndaluciaMulhacén
67%
Pais Vasc/Navarra/Aragó/
Catalunya/(Andorra)/(França)
Pirineus
67%
Aragó/Castilla La Mancha/
Madrid/Extremadura/(Portugal)
Riu Tajo
67%
Castilla i Leó/Extremadura/MadridSistema Central
67%
Illes CanariesTeide
67%
AragóAneto
50%
GaliciaMassís Galaic
50%
Castilla y León/(Portugal)Riu Duero
50%
AndaluciaRiu Guadalquivir
50%
Castilla la Mancha/Andalucia/
Extremadura/(Portugal)
Riu Guadiana
50%
Galicia/(Portugal)Riu Miño
50%
Andalucia/Castilla la Mancha/
Murcia/València
Riu Segura
50%
Castilla la Mancha/ValènciaRiu Xúquer
50%
Andalucia/Murcia/Valencia/
Illes Balears
Serralades Bètiques
50%
Castilla i Leó/Castilla La Mancha/
Madrid/Extremadura/Rioja
Meseta central
33%
Cantabria/La rioja/País Vasco
Catalunya/Aragó/Castilla y Leó
Riu Ebro
33%
Cantabria/Asturies/Rioja/Pais Vasc/
Castilla i Leó
Serralada Cantàbrica
33%
Castilla i Leó/Aragó/Rioja/València/
Catalunya/Castilla la Mancha
Serralada Ibèrica
33%

Distribución de puntuación

Porcentaje por número respondido

Porcentaje de gente con cada puntuación

Historial de tus puntuaciones

No has intentado esta prueba.